[Event "10th Open"]
[Site "Dubai UAE"]
[Date "2008.04.08"]
[Round "3"]
[White "Adly, A."]
[Black "Ramesh, R."]
[Result "1-0"]
[WhiteElo "2578"]
[BlackElo "2472"]
[PlyCount "35"]
[EventDate "2008.04.07"]

1. Nf3 Nf6 2. g3 g6 3. Bg2 Bg7 4. c4 O-O 5. d4 d6 6. O-O Nc6 7. Nc3 a6 8. Re1
Rb8 9. Rb1 e5 10. d5 Ne7 11. e4 c6 12. c5 cxd5 13. cxd6 Qxd6 14. Nxe5 Be6 15.
Bf4 Qd8 16. exd5 Nexd5 17. Nxd5 Nxd5 18. Nxf7 1-0

[Event "10th Open"]
[Site "Dubai UAE"]
[Date "2008.04.08"]
[Round "3"]
[White "Sadorra, J."]
[Black "Kotanjian, T."]
[Result "1/2-1/2"]
[WhiteElo "2455"]
[BlackElo "2570"]
[PlyCount "113"]
[EventDate "2008.04.07"]

1. d4 d5 2. c4 e6 3. Nc3 c6 4. Nf3 Nf6 5. Bg5 h6 6. Bxf6 Qxf6 7. Qb3 Nd7 8. e3
g6 9. Bd3 Bg7 10. O-O-O dxc4 11. Qxc4 O-O 12. h4 e5 13. h5 g5 14. d5 Nb6 15.
Qe4 Rd8 16. d6 Kf8 17. Qh7 Qxd6 18. Nxg5 Qe7 19. Nge4 Nd5 20. g4 f6 21. Rhg1
Be6 22. a3 Rd7 23. Ne2 Rad8 24. Bc2 b6 25. N2g3 Qf7 26. Nf5 Qg8 27. Qxg8+ Kxg8
28. Ba4 Kf8 29. Kb1 Ne7 30. Rxd7 Bxd7 31. Nh4 Be6 32. b4 Kf7 33. Kb2 Bf8 34.
Bb3 Bxb3 35. Kxb3 Rd3+ 36. Kb2 a5 37. Rc1 a4 38. Ng6 Rb3+ 39. Ka2 Nd5 40. Nxf8
Kxf8 41. Rxc6 Ke7 42. g5 fxg5 43. Rxh6 Nc3+ 44. Nxc3 Rxc3 45. Rg6 Rc2+ 46. Kb1
Rxf2 47. Rxg5 Kf6 48. Rg6+ Kf5 49. Rxb6 Ke4 50. Rd6 Kxe3 51. b5 e4 52. b6 Rf7
53. Rc6 Kd3 54. Rc7 Rf1+ 55. Kb2 Rf2+ 56. Kb1 Rf1+ 57. Kb2 1/2-1/2

[Event "10th Open"]
[Site "Dubai UAE"]
[Date "2008.04.08"]
[Round "3"]
[White "Kotsur, P."]
[Black "Tissir, M."]
[Result "1-0"]
[WhiteElo "2568"]
[BlackElo "2428"]
[PlyCount "89"]
[EventDate "2008.04.07"]

1. e4 e5 2. Bc4 Nf6 3. d3 c6 4. Nf3 Be7 5. Nbd2 d6 6. O-O O-O 7. a4 Nbd7 8. Re1
h6 9. c3 Nc5 10. d4 exd4 11. Nxd4 d5 12. exd5 cxd5 13. Bf1 a6 14. N2f3 Qc7 15.
h3 Re8 16. Nh4 Nce4 17. Nhf5 Bc5 18. Be3 Bxf5 19. Nxf5 Bxe3 20. Rxe3 Nd6 21.
Rxe8+ Rxe8 22. Nxd6 Qxd6 23. Qd4 Re4 24. Qa7 Qd7 25. Bd3 Re7 26. a5 g6 27. Qd4
Qe6 28. Rd1 Qe5 29. Qb6 g5 30. Bf1 Kg7 31. Qb4 h5 32. g3 g4 33. hxg4 Nxg4 34.
Qd4 Qxd4 35. Rxd4 Nf6 36. Kg2 Re4 37. Kf3 Rxd4 38. cxd4 Ne4 39. Ke3 f5 40. Bg2
Nf6 41. Kf4 Kg6 42. Bf3 Ne8 43. Bxd5 Nc7 44. Bxb7 Kf6 45. d5 1-0

[Event "10th Open"]
[Site "Dubai UAE"]
[Date "2008.04.08"]
[Round "3"]
[White "Zhou Weiqi"]
[Black "Moosavian, S."]
[Result "1-0"]
[WhiteElo "2560"]
[BlackElo "2404"]
[PlyCount "61"]
[EventDate "2008.04.07"]

1. d4 e6 2. c4 f5 3. Nc3 Nf6 4. Qc2 d5 5. Bg5 Be7 6. e3 c6 7. Bd3 Ne4 8. Bxe7
Qxe7 9. Nge2 O-O 10. O-O Nd7 11. f3 Nef6 12. Ng3 Nb6 13. c5 Nbd7 14. Nce2 g6
15. e4 fxe4 16. fxe4 e5 17. exd5 Nxd5 18. Rxf8+ Nxf8 19. Bc4 Be6 20. Bb3 Nd7
21. Re1 Rf8 22. Nc3 Qh4 23. Nxd5 Bxd5 24. Re4 Qf6 25. dxe5 Nxe5 26. h3 Bxb3 27.
Qxb3+ Rf7 28. Qe3 Nd7 29. Re8+ Rf8 30. Re7 Rf7 31. Rxd7 1-0

[Event "10th Open"]
[Site "Dubai UAE"]
[Date "2008.04.08"]
[Round "3"]
[White "Gagunashvili, M."]
[Black "Othman, A."]
[Result "1-0"]
[WhiteElo "2553"]
[BlackElo "2335"]
[PlyCount "57"]
[EventDate "2008.04.07"]

1. e4 d6 2. d4 g6 3. Nc3 Bg7 4. Bg5 a6 5. a4 Nf6 6. f4 O-O 7. Qd2 b5 8. axb5
Bb7 9. Bxf6 Bxf6 10. Nf3 axb5 11. Rxa8 Bxa8 12. Bxb5 c6 13. Bc4 Qb6 14. b3 Rd8
15. e5 Bg7 16. O-O c5 17. d5 Na6 18. Ng5 Nc7 19. Qd3 f6 20. exf6 Bxf6 21. Nce4
Kg7 22. f5 Bxd5 23. Qh3 h6 24. Nxf6 Bxc4 25. Ng4 Rh8 26. Qc3+ Kg8 27. bxc4 hxg5
28. fxg6 Ne6 29. Nf6+ 1-0

[Event "10th Open"]
[Site "Dubai UAE"]
[Date "2008.04.08"]
[Round "3"]
[White "Sadatnajafi, M."]
[Black "Arutinian, D."]
[Result "0-1"]
[WhiteElo "2288"]
[BlackElo "2593"]
[PlyCount "82"]
[EventDate "2008.04.07"]

1. e4 c5 2. Nf3 d6 3. d4 cxd4 4. Nxd4 Nf6 5. Nc3 Nc6 6. Bg5 e6 7. Qd2 Qb6 8.
O-O-O Qxd4 9. Qxd4 Nxd4 10. Rxd4 a6 11. f4 h6 12. Bh4 Be7 13. Be2 e5 14. fxe5
dxe5 15. Rc4 Be6 16. Rc7 Rb8 17. Bxf6 Bd6 18. Bxg7 Rg8 19. Bxe5 Bxe5 20. Rc5
Bd4 21. Rh5 Rxg2 22. Bd3 Bg4 23. Rd5 Rd8 24. h3 Be6 25. Rh5 Kf8 26. Nd5 Rg3 27.
Kb1 Bg7 28. Nf4 Bc8 29. Rf1 Rg5 30. Rh4 Rd6 31. a3 Be5 32. Bc4 Rf6 33. Rd1 Ke8
34. Nh5 Rf3 35. Rd3 Rf2 36. Bd5 Rg1+ 37. Ka2 Rxc2 38. Rb3 Rgg2 39. Kb1 Rxb2+
40. Rxb2 Rxb2+ 41. Kc1 Rf2 0-1

[Event "10th Open"]
[Site "Dubai UAE"]
[Date "2008.04.08"]
[Round "3"]
[White "Nedochetov, M."]
[Black "Safarli, E."]
[Result "0-1"]
[WhiteElo "2355"]
[BlackElo "2524"]
[PlyCount "90"]
[EventDate "2008.04.07"]

1. d4 Nf6 2. Nf3 e6 3. c4 b6 4. g3 Ba6 5. b3 Bb7 6. Bg2 Bb4+ 7. Bd2 a5 8. Nc3
O-O 9. O-O d6 10. Qc2 Nbd7 11. Bg5 Bxc3 12. Bxf6 Nxf6 13. Qxc3 Re8 14. Rac1 Qe7
15. Ne1 c5 16. Nc2 Rec8 17. Bxb7 Qxb7 18. Rfd1 b5 19. cxb5 cxd4 20. Qxd4 Qxb5
21. Qxd6 Qxe2 22. Nd4 Qxa2 23. Rxc8+ Rxc8 24. Nxe6 Qxb3 25. Nd8 h5 26. Re1 h4
27. Nc6 h3 28. Ne7+ Kh7 29. Qf4 Rc5 30. Nf5 Qb4 31. Qxb4 axb4 32. Nd4 Rd5 33.
Nb3 Ng4 34. Rb1 f6 35. f3 Ne5 36. Kf2 Rd3 37. f4 Ng4+ 38. Ke2 Re3+ 39. Kd2 Rf3
40. Nd4 Rf2+ 41. Kd3 Rxh2 42. Ke4 Rf2 43. Rxb4 h2 44. Rb1 Rg2 45. Nf3 Nf2+ 0-1

[Event "10th Open"]
[Site "Dubai UAE"]
[Date "2008.04.08"]
[Round "3"]
[White "Praveen Kumar, C1."]
[Black "Guliev, Sarh"]
[Result "1/2-1/2"]
[WhiteElo "2287"]
[BlackElo "2487"]
[PlyCount "72"]
[EventDate "2008.04.07"]

1. d4 f5 2. g3 Nf6 3. Bg2 d6 4. Nf3 g6 5. O-O Bg7 6. b4 O-O 7. Bb2 Qe8 8. c4
Nc6 9. Qb3 e5 10. b5 Nxd4 11. Nxd4 exd4 12. Bxd4 Qxe2 13. Bf3 Qe8 14. Nc3 c6
15. Rfe1 Be6 16. Qa4 Ne4 17. Bxg7 Kxg7 18. Nxe4 fxe4 19. Bxe4 Qf7 20. f4 Bxc4
21. bxc6 d5 22. cxb7 Qxb7 23. Bg2 Qb6+ 24. Kh1 Qc5 25. Rab1 Rf7 26. Qc2 Qa3 27.
Re5 Rd8 28. Ra1 a5 29. Qd2 Kg8 30. f5 Qb4 31. Qg5 Rd6 32. fxg6 Rxg6 33. Re8+
Kg7 34. Qe5+ Kh6 35. Qe3+ Kg7 36. Qe5+ Kh6 1/2-1/2

[Event "10th Open"]
[Site "Dubai UAE"]
[Date "2008.04.09"]
[Round "4"]
[White "Gagunashvili, M."]
[Black "Drozdovskij, Y."]
[Result "1/2-1/2"]
[WhiteElo "2553"]
[BlackElo "2581"]
[PlyCount "45"]
[EventDate "2008.04.07"]

1. c4 Nf6 2. Nc3 e6 3. Nf3 d5 4. d4 Bb4 5. e3 c5 6. Be2 cxd4 7. exd4 dxc4 8.
Bxc4 O-O 9. O-O Nbd7 10. Bg5 Bxc3 11. bxc3 Qc7 12. Qe2 b6 13. Ne5 Bb7 14. Nxd7
Nxd7 15. Rac1 Rac8 16. Bd3 Rfe8 17. Rfe1 Qd6 18. Qh5 Nf8 19. Re3 Qd5 20. Be4
Qd7 21. Bd3 Qd5 22. Be4 Qd7 23. Bd3 1/2-1/2

[Event "10th Open"]
[Site "Dubai UAE"]
[Date "2008.04.09"]
[Round "4"]
[White "Gupta, Ab"]
[Black "Kotsur, P."]
[Result "1/2-1/2"]
[WhiteElo "2521"]
[BlackElo "2568"]
[PlyCount "61"]
[EventDate "2008.04.07"]

1. d4 d6 2. c4 g6 3. Nc3 Bg7 4. e4 e5 5. Nge2 exd4 6. Nxd4 Ne7 7. Be3 Nbc6 8.
h4 h5 9. Qd2 Ne5 10. Be2 a6 11. O-O-O Bd7 12. Nd5 Nc8 13. f4 Ng4 14. f5 Nxe3
15. Nxe3 Nb6 16. g4 hxg4 17. fxg6 fxg6 18. Bxg4 Bxg4 19. Nxg4 Qd7 20. Qg5 Qf7
21. e5 O-O 22. Kb1 dxe5 23. Nh6+ Bxh6 24. Qxh6 exd4 25. Rhg1 Qf5+ 26. Ka1 Nxc4
27. Rg5 Ne5 28. Rxf5 Rxf5 29. Rg1 Raf8 30. Rxg6+ Nxg6 31. Qxg6+ 1/2-1/2

[Event "10th Open"]
[Site "Dubai UAE"]
[Date "2008.04.09"]
[Round "4"]
[White "Salem, AR."]
[Black "Zhou Weiqi"]
[Result "1-0"]
[WhiteElo "2429"]
[BlackElo "2560"]
[PlyCount "111"]
[EventDate "2008.04.07"]

1. d4 Nf6 2. c4 e6 3. Nf3 c5 4. d5 exd5 5. cxd5 d6 6. Nc3 g6 7. e4 a6 8. h3 b5
9. Bd3 Bg7 10. O-O O-O 11. a3 Re8 12. Bg5 Bb7 13. Qd2 Nbd7 14. Rfe1 Qe7 15.
Rac1 Qf8 16. b4 Rac8 17. Bf4 Ne5 18. bxc5 Nxf3+ 19. gxf3 Rxc5 20. Be3 Rcc8 21.
a4 bxa4 22. Nxa4 Nd7 23. Rb1 Ne5 24. Be2 Qe7 25. Qb4 Ba8 26. f4 Nd7 27. Bf3 Rb8
28. Qc4 Rxb1 29. Rxb1 Nf6 30. Nb6 Bb7 31. e5 Nh5 32. Qa4 Rd8 33. Nc4 Bc8 34.
Nxd6 Bxh3 35. Rb7 Rd7 36. Rb8+ Rd8 37. Rb7 Rd7 38. Qxa6 Bf8 39. Rb8 Rd8 40.
Rxd8 Qxd8 41. Ne4 Bf5 42. Ng3 Nxg3 43. fxg3 Qb8 44. d6 Qb1+ 45. Qf1 Qb3 46. Kf2
f6 47. Qd1 Qxd1 48. Bxd1 fxe5 49. Bb3+ Kg7 50. fxe5 h5 51. Bg5 Kh7 52. Ba4 Bg7
53. Bf4 g5 54. Bxg5 Kg6 55. Bf4 Bf8 56. Be8+ 1-0

[Event "10th Open"]
[Site "Dubai UAE"]
[Date "2008.04.09"]
[Round "4"]
[White "Gelashvili, T."]
[Black "Safarli, E."]
[Result "1-0"]
[WhiteElo "2622"]
[BlackElo "2524"]
[PlyCount "97"]
[EventDate "2008.04.07"]

1. Nf3 c5 2. e3 Nf6 3. d4 g6 4. c4 Bg7 5. Nc3 cxd4 6. exd4 O-O 7. d5 e5 8. Be2
d6 9. O-O Bg4 10. Be3 Nbd7 11. Rc1 a6 12. h3 Bxf3 13. Bxf3 Rc8 14. Be2 h6 15.
b4 Ne8 16. Na4 f5 17. f3 f4 18. Bf2 e4 19. fxe4 Ne5 20. Nb6 f3 21. gxf3 Rc7 22.
Be3 Rcf7 23. c5 Rf4 24. Bxf4 Rxf4 25. Qe1 Nf6 26. Rc2 Nh5 27. Qf2 Rh4 28. Rd1
Rxh3 29. f4 Rg3+ 30. Qxg3 Nxg3 31. fxe5 Qg5 32. Bf3 Nxe4+ 33. Kf1 Ng3+ 34. Kf2
Nf5 35. Nc4 Bxe5 36. c6 bxc6 37. dxc6 Qg3+ 38. Ke2 d5 39. Ne3 Nxe3 40. Kxe3
Qf4+ 41. Ke2 d4 42. Bd5+ Kg7 43. Kd3 Qf5+ 44. Be4 Qg4 45. Rf1 h5 46. c7 Bxc7
47. Rxc7+ Kh6 48. Rc6 Qg3+ 49. Rf3 1-0

[Event "10th Open"]
[Site "Dubai UAE"]
[Date "2008.04.09"]
[Round "4"]
[White "Ashwin, J."]
[Black "Kuzubov, Y."]
[Result "1/2-1/2"]
[WhiteElo "2446"]
[BlackElo "2603"]
[PlyCount "66"]
[EventDate "2008.04.07"]

1. e4 c5 2. Nf3 d6 3. d4 cxd4 4. Nxd4 Nf6 5. Nc3 a6 6. Be3 e5 7. Nb3 Be6 8. f4
Ng4 9. Bd2 exf4 10. Bxf4 Nc6 11. Qd2 Be7 12. Nd5 Bxd5 13. exd5 Nce5 14. O-O-O
Ng6 15. g3 O-O 16. Bh3 N4e5 17. Qe2 Re8 18. Kb1 Nxf4 19. gxf4 Ng6 20. Qf3 Bf6
21. Rhe1 Qb6 22. c3 Qb5 23. Nd2 Nh4 24. Qg3 Qa4 25. b3 Qa5 26. Ne4 Qd8 27. Re3
Ng6 28. Rde1 Rf8 29. Rg1 b5 30. Bf5 b4 31. Nxf6+ Qxf6 32. Qg5 Qxg5 33. fxg5
bxc3 1/2-1/2

[Event "10th Open"]
[Site "Dubai UAE"]
[Date "2008.04.09"]
[Round "4"]
[White "Li Chao2"]
[Black "Sadorra, J."]
[Result "1/2-1/2"]
[WhiteElo "2582"]
[BlackElo "2455"]
[PlyCount "54"]
[EventDate "2008.04.07"]

1. e4 e6 2. d4 d5 3. Nc3 Nc6 4. Nf3 Nf6 5. e5 Ne4 6. Ne2 f6 7. Ng3 fxe5 8. Bb5
exd4 9. Nxe4 dxe4 10. Nxd4 Qd5 11. Nxc6 a6 12. Ba4 Bd7 13. c4 Qxd1+ 14. Kxd1
Bc5 15. Ke2 Bxc6 16. Bxc6+ bxc6 17. Be3 Bxe3 18. Kxe3 O-O-O 19. Rad1 Rhf8 20.
Rxd8+ Rxd8 21. h4 Rd3+ 22. Ke2 Kd7 23. h5 Ke7 24. Rh4 Rd4 25. b3 e5 26. Ke3
Rd3+ 27. Ke2 Rd4 1/2-1/2

[Event "10th Open"]
[Site "Dubai UAE"]
[Date "2008.04.09"]
[Round "4"]
[White "Kotanjian, T."]
[Black "Laxman, R."]
[Result "1-0"]
[WhiteElo "2570"]
[BlackElo "2488"]
[PlyCount "56"]
[EventDate "2008.04.07"]

1. d4 Nf6 2. c4 e6 3. Nc3 Bb4 4. Qc2 O-O 5. a3 Bxc3+ 6. Qxc3 b6 7. Bg5 Ba6 8.
Nf3 d6 9. Nd2 Nbd7 10. f3 h6 11. Bh4 d5 12. e4 c5 13. e5 Ne4 14. Bxd8 Nxc3 15.
Be7 Rfe8 16. bxc3 Rxe7 17. cxd5 Bxf1 18. d6 Bxg2 19. Rg1 Bxf3 20. dxe7 Bd5 21.
c4 Bb7 22. d5 exd5 23. cxd5 Bxd5 24. O-O-O f5 25. Ne4 Bxe4 26. Rxd7 Re8 27. e6
Kh7 28. Rd8 Rh8 1-0

[Event "10th Open"]
[Site "Dubai UAE"]
[Date "2008.04.09"]
[Round "4"]
[White "Ibrayev, N."]
[Black "Guseinov, G."]
[Result "1/2-1/2"]
[WhiteElo "2507"]
[BlackElo "2625"]
[PlyCount "112"]
[EventDate "2008.04.07"]

1. d4 Nf6 2. c4 g6 3. Nf3 Bg7 4. g3 O-O 5. Bg2 d6 6. O-O Nbd7 7. Nc3 e5 8. e4
exd4 9. Nxd4 Re8 10. Re1 Nc5 11. h3 a5 12. Nb3 Nfd7 13. Nxc5 dxc5 14. Nb5 c6
15. Nd6 Re6 16. Nxc8 Rxc8 17. f4 Nb6 18. e5 Qxd1 19. Rxd1 f6 20. h4 Ree8 21.
Bh3 Ra8 22. b3 fxe5 23. Rb1 exf4 24. Bxf4 Bd4+ 25. Kf1 a4 26. Re1 axb3 27. axb3
Rf8 28. Re2 Kg7 29. Kg2 Rf7 30. Rf1 Raf8 31. Be6 Rf6 32. Bh3 Nc8 33. Bxc8 Rxc8
34. Re7+ Kg8 35. Rxb7 Re8 36. Rb8 Rxb8 37. Bxb8 Re6 38. Rf3 h5 39. Kf1 Re8 40.
Bd6 Rd8 41. Be7 Ra8 42. Kg2 Ra2+ 43. Kf1 Ra1+ 44. Ke2 Ra2+ 45. Kd1 Rg2 46. Bd6
Kg7 47. Bf8+ Kh7 48. Bd6 Kg8 49. Rf8+ Kg7 50. Rf3 g5 51. hxg5 Kg6 52. Be7 Be5
53. Ke1 Rg1+ 54. Kf2 Bd4+ 55. Ke2 Rg2+ 56. Kf1 Rg1+ 1/2-1/2

[Event "10th Open"]
[Site "Dubai UAE"]
[Date "2008.04.09"]
[Round "4"]
[White "Sharma, Di"]
[Black "Pantsulaia, L."]
[Result "1-0"]
[WhiteElo "2357"]
[BlackElo "2617"]
[PlyCount "104"]
[EventDate "2008.04.07"]

1. e4 c5 2. Nf3 d6 3. d4 cxd4 4. Nxd4 Nf6 5. Nc3 a6 6. Bc4 e6 7. Bb3 b5 8. Qf3
Qb6 9. Be3 Qb7 10. O-O-O b4 11. Na4 Nbd7 12. Rhe1 Be7 13. Qg3 O-O 14. Bd5 Nxd5
15. exd5 Ne5 16. Nb6 Ng6 17. Nxa8 e5 18. Nb6 Qxb6 19. Ne6 Qa5 20. Nxf8 Bxf8 21.
Kb1 Ne7 22. f4 Nxd5 23. Rxd5 Qxd5 24. Bc1 Be6 25. b3 f6 26. Qf3 Qxf3 27. gxf3
Bd5 28. Rf1 Bc6 29. Bd2 d5 30. fxe5 fxe5 31. f4 e4 32. Be3 Kf7 33. Bd4 g6 34.
f5 g5 35. Rg1 h6 36. Kc1 Bd7 37. f6 Bh3 38. Kd2 Bd6 39. Ke2 g4 40. c3 Bxh2 41.
Rb1 Bg2 42. cxb4 Bf4 43. a4 Bf3+ 44. Kf2 g3+ 45. Kg1 h5 46. b5 axb5 47. a5 h4
48. a6 h3 49. a7 h2+ 50. Kf1 h1=Q+ 51. Bg1 Qg2+ 52. Ke1 Qxg1# 1-0

[Event "10th Open"]
[Site "Dubai UAE"]
[Date "2008.04.09"]
[Round "4"]
[White "Ghaem Maghami, E."]
[Black "Zhang Jilin"]
[Result "1-0"]
[WhiteElo "2604"]
[BlackElo "2361"]
[PlyCount "71"]
[EventDate "2008.04.07"]

1. c4 Nf6 2. Nc3 d5 3. cxd5 Nxd5 4. g3 g6 5. Bg2 Nb6 6. d3 Bg7 7. Be3 O-O 8.
Qd2 Nc6 9. Bh6 Ne5 10. Bxg7 Kxg7 11. h4 h5 12. Nf3 Nxf3+ 13. Bxf3 c6 14. b4 Qd4
15. Rb1 Bg4 16. Bg2 Rfd8 17. Ne4 Rab8 18. O-O Nc4 19. Qe1 Ne5 20. Nc5 a5 21.
Nb3 Qxb4 22. Nxa5 Qa3 23. Rb3 Qxa2 24. Qc3 f6 25. Rb2 Qe6 26. Rfb1 Rdc8 27.
Nxb7 Nd7 28. Kh2 Qg8 29. d4 Be6 30. Nc5 Rxb2 31. Rxb2 Nxc5 32. Qxc5 Qd8 33. Rb7
Kf7 34. Bxc6 Rxc6 35. Qxc6 Bd5 36. Qc7 1-0

[Event "10th Open"]
[Site "Dubai UAE"]
[Date "2008.04.09"]
[Round "4"]
[White "Neverov, V."]
[Black "Wu Xibin"]
[Result "1-0"]
[WhiteElo "2568"]
[BlackElo "2351"]
[PlyCount "126"]
[EventDate "2008.04.07"]

1. d4 Nf6 2. c4 g6 3. Nf3 Bg7 4. g3 O-O 5. Bg2 d5 6. O-O c6 7. b3 Bf5 8. Bb2 a5
9. Nc3 Ne4 10. e3 Nxc3 11. Bxc3 Be4 12. Bh3 c5 13. Ng5 Nc6 14. Rc1 cxd4 15.
exd4 Bf5 16. Bxf5 gxf5 17. Qh5 h6 18. Nf3 e6 19. Rfd1 a4 20. b4 dxc4 21. d5
exd5 22. Bxg7 Kxg7 23. b5 Ne7 24. Nd4 Qb6 25. Nxf5+ Nxf5 26. Qxf5 Qe6 27. Qxd5
Qxd5 28. Rxd5 Rfd8 29. Rxd8 Rxd8 30. Rxc4 Rd5 31. Rb4 a3 32. Rb3 Kf6 33. Kg2
Ke5 34. Rxa3 Rxb5 35. Re3+ Kf6 36. Rf3+ Kg6 37. Rb3 Ra5 38. a3 h5 39. h4 f6 40.
Kf3 Kf5 41. Ke3 Ra4 42. f3 Ra8 43. Kd4 Rg8 44. Rb5+ Ke6 45. Rb6+ Kf5 46. Rb5+
Ke6 47. Rxh5 Rxg3 48. Ke4 Rh3 49. a4 Rh1 50. Rb5 Rxh4+ 51. f4 f5+ 52. Rxf5 Rh1
53. Re5+ Kf6 54. a5 Ra1 55. Rb5 Ra4+ 56. Kf3 Ra1 57. Ke3 Ra3+ 58. Kd4 Ra4+ 59.
Kc5 Rxf4 60. Rxb7 Ra4 61. Kb5 Ra1 62. a6 Ke6 63. a7 Kd5 1-0

[Event "10th Open"]
[Site "Dubai UAE"]
[Date "2008.04.09"]
[Round "4"]
[White "Gleizerov, E."]
[Black "Grover, S."]
[Result "1-0"]
[WhiteElo "2556"]
[BlackElo "2300"]
[PlyCount "49"]
[EventDate "2008.04.07"]

1. d4 Nf6 2. c4 e6 3. g3 c5 4. d5 exd5 5. cxd5 b5 6. Nf3 g6 7. e4 Nxe4 8. Bd3
f5 9. O-O Bg7 10. Nbd2 O-O 11. Nxe4 fxe4 12. Bxe4 d6 13. Ng5 Bxb2 14. Nxh7 Bxa1
15. Bxg6 Nd7 16. Qh5 Bg7 17. Re1 Ne5 18. Nxf8 Kxf8 19. Re4 Bg4 20. Rf4+ Ke7 21.
Rxg4 Nxg4 22. Qxg4 Qc8 23. Bg5+ Kf8 24. Qf4+ Kg8 25. Bf7+ 1-0

[Event "10th Open"]
[Site "Dubai UAE"]
[Date "2008.04.09"]
[Round "4"]
[White "Kalegin, E."]
[Black "Sadatnajafi, M."]
[Result "0-1"]
[WhiteElo "2510"]
[BlackElo "2288"]
[PlyCount "198"]
[EventDate "2008.04.07"]

1. e4 e5 2. Nf3 Nc6 3. Bb5 a6 4. Ba4 Nf6 5. d3 d6 6. c3 Be7 7. Nbd2 O-O 8. O-O
b5 9. Bc2 d5 10. exd5 Qxd5 11. Qe2 Bf5 12. Ne4 h6 13. Rd1 Rfe8 14. Nh4 Bh7 15.
Qf3 Qd7 16. Bxh6 Bxe4 17. dxe4 Qg4 18. Bxg7 Qxf3 19. Nxf3 Kxg7 20. Nh4 Rad8 21.
Nf5+ Kf8 22. b4 Rxd1+ 23. Rxd1 Rd8 24. Nxe7 Rxd1+ 25. Bxd1 Nxe7 26. f3 Nc8 27.
a4 Nb6 28. axb5 axb5 29. Bb3 Ne8 30. Kf2 Nd6 31. Ke2 Kg7 32. g3 f6 33. Be6 Kf8
34. h4 Ke7 35. Bh3 Na4 36. Kd3 Nb2+ 37. Kc2 Nbc4 38. Kd3 Ne8 39. h5 Kf7 40. Bd7
Ncd6 41. g4 Ng7 42. Bc6 Ne6 43. Bd5 Ke7 44. Ke3 Nf4 45. Bc6 Kf7 46. Bd7 Kg7 47.
Bc6 Kh6 48. Bd7 Kg5 49. Bc6 Ne6 50. Bd7 Nd8 51. Ke2 Kf4 52. h6 N8f7 53. h7 Kg5
54. Ke3 Kh6 55. f4 Kxh7 56. Be6 Kg6 57. Kf3 Nc4 58. Bf5+ Kh6 59. Be6 Nfd6 60.
Bd5 Nd2+ 61. Ke3 Nb1 62. g5+ Kg7 63. gxf6+ Kxf6 64. fxe5+ Kxe5 65. Kd3 Na3 66.
Bc6 Nc8 67. Bd7 Ne7 68. Be8 Ng8 69. Bc6 Nf6 70. Ke3 Nc4+ 71. Kd3 Nd6 72. Kc2
Nfxe4 73. Kb3 Kf4 74. Kc2 Ke3 75. Bd7 Nd2 76. Bc6 N2c4 77. Bd7 Ne5 78. Bh3 Ke2
79. Be6 Nec4 80. Bg4+ Ke3 81. Bh5 Ke4 82. Bg6+ Kd5 83. Bh5 Ne5 84. Be2 c6 85.
Bh5 Nf5 86. Kb3 Ne3 87. Be2 Ke4 88. Kb2 Kf4 89. Kc1 Kg3 90. Kd2 Kf2 91. Bh5
N3c4+ 92. Kd1 Ke3 93. Kc2 Nb6 94. Be8 Nd5 95. Bh5 Nf4 96. Be8 Ke4 97. Kd2 Kd5
98. Kc2 Kd6 99. Kb3 Kc7 0-1

[Event "10th Open"]
[Site "Dubai UAE"]
[Date "2008.04.10"]
[Round "5"]
[White "So, W."]
[Black "Salem, AR."]
[Result "1-0"]
[WhiteElo "2540"]
[BlackElo "2429"]
[PlyCount "67"]
[EventDate "2008.04.07"]

1. e4 c5 2. Nf3 Nc6 3. d4 cxd4 4. Nxd4 Nf6 5. Nc3 e5 6. Ndb5 d6 7. Bg5 a6 8.
Na3 b5 9. Bxf6 gxf6 10. Nd5 f5 11. Bd3 Be6 12. O-O Bxd5 13. exd5 Ne7 14. c3 e4
15. Bc2 Bg7 16. Qh5 O-O 17. Rae1 Qc8 18. Kh1 Rb8 19. g4 b4 20. cxb4 Bxb2 21.
Qg5+ Ng6 22. gxf5 Bxa3 23. fxg6 fxg6 24. Bxe4 Qd8 25. Qg3 Bxb4 26. Bxg6 Bxe1
27. Bxh7+ Kh8 28. Rxe1 Rf6 29. Qh3 Rf4 30. Bf5+ Qh4 31. Qc3+ Rd4 32. Rd1 Rbb4
33. Qc8+ Kg7 34. Rg1+ 1-0

[Event "10th Open"]
[Site "Dubai UAE"]
[Date "2008.04.10"]
[Round "5"]
[White "Drozdovskij, Y."]
[Black "Gupta, Ab"]
[Result "1/2-1/2"]
[WhiteElo "2581"]
[BlackElo "2521"]
[PlyCount "46"]
[EventDate "2008.04.07"]

1. d4 d5 2. c4 c6 3. Nf3 Nf6 4. e3 e6 5. Bd3 Nbd7 6. b3 Bb4+ 7. Nbd2 Bc3 8. Rb1
e5 9. dxe5 Nxe5 10. Nxe5 Bxe5 11. Qc2 O-O 12. h3 Be6 13. O-O h6 14. Nf3 Bc7 15.
Bb2 Qe7 16. Nd4 Rad8 17. Rbd1 Rfe8 18. Nxe6 Qxe6 19. Bf5 Qe7 20. Qc3 dxc4 21.
Qxc4 Be5 22. Bxe5 Qxe5 23. Bb1 Rd5 1/2-1/2

[Event "10th Open"]
[Site "Dubai UAE"]
[Date "2008.04.10"]
[Round "5"]
[White "Kotanjian, T."]
[Black "Gagunashvili, M."]
[Result "0-1"]
[WhiteElo "2570"]
[BlackElo "2553"]
[PlyCount "58"]
[EventDate "2008.04.07"]

1. d4 d5 2. c4 c6 3. Nf3 Nf6 4. Nc3 dxc4 5. a4 Bf5 6. Ne5 Na6 7. f3 Nd7 8. Nxc4
e5 9. Nxe5 Nxe5 10. e4 Nb4 11. Be3 Be6 12. dxe5 Qxd1+ 13. Rxd1 Bb3 14. Rd2 Nc2+
15. Rxc2 Bxc2 16. Bc4 Bb4 17. Kf2 Rd8 18. e6 fxe6 19. Bxe6 Bxc3 20. bxc3 Bxa4
21. Ra1 b5 22. Bd4 Ke7 23. Ba2 Rd7 24. Bxg7 Rd2+ 25. Ke3 Rhd8 26. Bd4 Rxg2 27.
f4 Bc2 28. f5 Rxd4 29. cxd4 Rg4 0-1

[Event "10th Open"]
[Site "Dubai UAE"]
[Date "2008.04.10"]
[Round "5"]
[White "Pantsulaia, L."]
[Black "Ismagambetov, An"]
[Result "1/2-1/2"]
[WhiteElo "2617"]
[BlackElo "2492"]
[PlyCount "104"]
[EventDate "2008.04.07"]

1. d4 Nf6 2. c4 e6 3. Nf3 b6 4. g3 Bb7 5. Bg2 Be7 6. O-O O-O 7. Nc3 Ne4 8. Bd2
f5 9. d5 Bf6 10. Qc2 Nxc3 11. Bxc3 exd5 12. Ne1 Na6 13. Rd1 Nc5 14. Bxf6 Qxf6
15. cxd5 a5 16. Nf3 d6 17. b3 Rae8 18. e3 Rf7 19. Rd4 Re4 20. Rfd1 Rfe7 21. a3
g6 22. b4 axb4 23. axb4 Rxd4 24. Nxd4 Ne4 25. Nb5 Qe5 26. Rd4 Bxd5 27. Nxc7 Bb7
28. Qa2+ Kg7 29. Nd5 Bxd5 30. Rxd5 Qc3 31. Bxe4 fxe4 32. Qd2 Qxd2 33. Rxd2 Rd7
34. Rc2 d5 35. Rc6 b5 36. Rc5 d4 37. exd4 Rxd4 38. Rxb5 Rd1+ 39. Kg2 Rb1 40. h4
h5 41. Rb8 Kh7 42. b5 Kg7 43. b6 Kh7 44. b7 Kg7 45. g4 hxg4 46. Kg3 Rb4 47. Kf4
Kh7 48. Kxg4 e3+ 49. f4 e2 50. Re8 Rxb7 51. Rxe2 Kh6 52. Re6 Rb5 1/2-1/2

[Event "10th Open"]
[Site "Dubai UAE"]
[Date "2008.04.10"]
[Round "5"]
[White "Kuzubov, Y."]
[Black "Ramesh, R."]
[Result "1/2-1/2"]
[WhiteElo "2603"]
[BlackElo "2472"]
[PlyCount "127"]
[EventDate "2008.04.07"]

1. d4 d5 2. c4 c6 3. Nf3 Nf6 4. e3 Bf5 5. Nc3 e6 6. Nh4 Bg6 7. Be2 Nbd7 8. g3
Bd6 9. a3 O-O 10. O-O dxc4 11. Nxg6 hxg6 12. Bxc4 c5 13. Ba2 Rc8 14. Qf3 cxd4
15. exd4 Qb6 16. Rd1 a6 17. Rb1 Qc7 18. Bd2 Nb6 19. Rbc1 Qd7 20. Bg5 Be7 21. h4
Rfd8 22. Kg2 Nfd5 23. Bxe7 Qxe7 24. h5 gxh5 25. Qxh5 g6 26. Qg4 Nc4 27. Nxd5
exd5 28. Bxc4 Rxc4 29. Rxc4 dxc4 30. d5 b5 31. Qd4 Qd6 32. Qe4 Kg7 33. Rd4 Rd7
34. Qe3 Re7 35. Qd2 Re5 36. Qf4 g5 37. Qd2 Kf8 38. Qd1 Kg7 39. Rd2 Kf8 40. Qf3
Kg7 41. Rd1 Kf8 42. Qc3 Kg8 43. Qd4 Kf8 44. Kf1 Kg8 45. Re1 Rxe1+ 46. Kxe1 Kf8
47. Kd2 Ke7 48. Ke3 Kd8 49. Kf3 Ke7 50. Kg4 f6 51. f4 gxf4 52. gxf4 Kf7 53. Qe4
Qe7 54. Qh7+ Ke8 55. Qg8+ Kd7 56. Qa8 Qe2+ 57. Kf5 Qh5+ 58. Kxf6 Qh6+ 59. Kf5
Qh5+ 60. Kf6 Qh6+ 61. Ke5 Qg7+ 62. Ke4 Qg2+ 63. Kf5 Qh3+ 64. Kf6 1/2-1/2

[Event "10th Open"]
[Site "Dubai UAE"]
[Date "2008.04.10"]
[Round "5"]
[White "Ashwin, J."]
[Black "Li Chao2"]
[Result "0-1"]
[WhiteElo "2446"]
[BlackElo "2582"]
[PlyCount "76"]
[EventDate "2008.04.07"]

1. e4 c5 2. Nf3 d6 3. d4 cxd4 4. Nxd4 Nf6 5. Nc3 a6 6. Be3 e5 7. Nb3 Be7 8. Qd2
O-O 9. O-O-O a5 10. a4 Be6 11. f4 Qc8 12. Kb1 Nc6 13. f5 Nxe4 14. Nxe4 Bxf5 15.
Bd3 Nb4 16. Rhf1 Bg6 17. Bg5 Bxg5 18. Qxg5 d5 19. Nc3 Bxd3 20. cxd3 d4 21. Qxe5
dxc3 22. bxc3 f6 23. Qc5 Qxc5 24. Nxc5 Nd5 25. Rc1 Rac8 26. Ne4 f5 27. Nd6 Rxc3
28. Rxf5 Rxf5 29. Nxf5 Rxd3 30. Rc5 Kf7 31. Rxa5 g6 32. Nd6+ Ke6 33. Ne4 Ke5
34. Nc5 Re3 35. Ra7 Kd4 36. Nxb7 Kc3 37. Ka2 Nb4+ 38. Ka3 Re1 0-1